| 000 | 00476nam a2200157 a 4500 | ||
|---|---|---|---|
| 005 | 20210219153007.0 | ||
| 008 | 991125n 000 0 spa u | ||
| 035 | _aUPN01000071802 | ||
| 100 | _aNavarro, Marco Aurelio | ||
| 222 | _aREVISTA DE LA EDUCACION SUPERIOR | ||
| 245 | _aDesarrollo de un Sistema de Planeacion Participativa. El Plan Maestro de la UAT 1991-1993 | ||
| 300 | _a135-144 | ||
| 362 | _a1994 Vol.23(1), No.89 | ||
| 904 |
_aAC _b009613 |
||
| 905 | _aArticulo | ||
| 999 |
_c65732 _d65732 |
||